|
|
|
|
| LEADER |
00000nas a2200000 a 4500 |
| 001 |
ssj0000858291 |
| 003 |
WaSeSS |
| 005 |
20200512172242.0 |
| 006 |
m d |
| 007 |
cr n |
| 008 |
130315c20uu9999rm q| p|s|||||| |0eng d |
| 022 |
|
|
|y 1843-8105
|
| 035 |
|
|
|a (WaSeSS)ssj0000858291
|
| 040 |
|
|
|a WaSeSS
|c WaSeSS
|d WaSeSS
|
| 050 |
|
4 |
|a HF5679
|
| 245 |
0 |
0 |
|a Accounting and management information systems
|h [electronic resource].
|
| 260 |
|
|
|a Bucharest, Romania :
|b Bucharest Academy of Economic Studies
|
| 310 |
|
|
|a Quarterly
|
| 506 |
|
|
|a License restrictions may limit access.
|
| 588 |
|
|
|a Description based on: Vol. 9, No. 1 (Jan. 2010); title from pdf title page (ProQuest, viewed March 15, 2013).
|
| 588 |
|
|
|a Latest issue consulted: Vol. 11, No. 2 (Jun. 2012) (viewed March 15, 2013).
|
| 650 |
|
0 |
|a Accounting
|x Data processing
|v Periodicals.
|
| 650 |
|
0 |
|a Management information systems
|v Periodicals.
|
| 650 |
|
0 |
|a Management
|x Data processing
|v Periodicals.
|
| 655 |
|
0 |
|a Electronic journals.
|
| 776 |
0 |
8 |
|i Print version:
|t Accounting and management information systems
|x 1843-8105
|
| 785 |
1 |
4 |
|a Contabilitate şi informatică de gestiune
|x 1583-4387
|
| 856 |
4 |
0 |
|z Full text available from Research Library: 01/01/2010 to present
|u https://search.proquest.com/publication/136194
|